| 000 | 00786nam a22002297a 4500 | ||
|---|---|---|---|
| 999 |
_c6267 _d6267 |
||
| 003 | AR-CdUCM | ||
| 008 | 190314b ||||| |||| 00| 0 fr d | ||
| 040 |
_aMUNICIPALIDAD PROVINCIAL DEL CUSCO _cBIBLIOTECA MUNICIPAL DEL CUSCO |
||
| 082 |
_28ed. _a869.79 / _bCH36 |
||
| 100 |
_aChenier, A. _918015 |
||
| 245 | _aPoésies, Choisies / | ||
| 260 |
_aParís : _bFelix Guirand. |
||
| 300 |
_a86 páginas ; _c17 cm. |
||
| 440 |
_aClassiques Larousse _918016 |
||
| 500 | _aDonación familia Nieto | ||
| 505 | _aContenido: Resumé chronologiqué de la vie D´André Chénier -- Notice sur L´ceuvre D´André Chénier -- Poétique -- Essais modernes... | ||
| 650 |
_aPoesía francesa _95723 |
||
| 650 |
_aSIglo XX _97898 |
||
| 650 |
_aFrancia _91444 |
||
| 942 |
_2ddc _cLIBROS |
||
| 945 | _adavv | ||